Estudios rurales en América Latina en el periodo de globalización neoliberal: ¿una nueva ruralidad? /

Este artículo investiga el surgimiento a mediados de la década de los noventa de un nuevo enfoque para los estudios del desarrollo rural en América Latina, denominado la "nueva ruralidad". Se abordan las diferentes interpretaciones y contradicciones de este acercamiento, así como los debat...

Ausführliche Beschreibung

Gespeichert in:
Bibliographische Detailangaben
1. Verfasser: Kay, Cristóbal
Format: Text
Schlagworte:
Tags: Tag hinzufügen
Keine Tags, Fügen Sie den ersten Tag hinzu!

MARC

LEADER 00000 a a2200000 04500
001 40386
003
040
100 |a Kay, Cristóbal  
245 |a Estudios rurales en América Latina en el periodo de globalización neoliberal:   |b ¿una nueva ruralidad? /  |c Cristóbal Kay 
520 |a Este artículo investiga el surgimiento a mediados de la década de los noventa de un nuevo enfoque para los estudios del desarrollo rural en América Latina, denominado la "nueva ruralidad". Se abordan las diferentes interpretaciones y contradicciones de este acercamiento, así como los debates resultantes en el marco de la globalización neoliberal y los cambios económicos y sociales que tal fenómeno conlleva en las "antiguas" formas de ruralidad.  
590 |a RRH/FEBRERO2011  
650 |a 1.AMBIENTE RURAL  
650 |a 2.DESARROLLO RURAL  
650 |a 3.SOCIOLOGIA RURAL  
650 |a 4.ECONOMIA  
650 |a 5.GLOBALIZACION  
650 |a 6.NEOLIBERALISMO  
773 |g volumen71, número4 ( , 2009)  
999 |c 37865  |d 37865